| 000 | 00805nam a2200265Ia 4500 | ||
|---|---|---|---|
| 003 | OSt | ||
| 005 | 20220925215208.0 | ||
| 006 | a|||||r|||| 00| 0 | ||
| 007 | ta | ||
| 008 | 220923b |||||||| |||| 00| 0 eng d | ||
| 020 | _a0 435 840 47 9 | ||
| 037 | _cGeneral Book | ||
| 040 |
_aRTL _cRTL _beng |
||
| 041 |
_2eng _aeng |
||
| 082 | _aX:516y7.3.N7, L6 | ||
| 100 |
_aBarker Peter J, and others _9282379 |
||
| 245 | 0 | _aCase studies in the competitive process | |
| 260 |
_aLondon _bHeinemann _c1976 |
||
| 300 |
_aviii,86p _ccm. |
||
| 490 | _aCase Studies in Economic Analysis Ed by W Peter & J Maunder.4 | ||
| 500 | _aBibliography chapterwise | ||
| 650 | _aCompetition | ||
| 942 |
_hX:516y7.3.N7, L6 _cGB _2CC |
||
| 999 |
_c568188 _d568188 |
||